000 00529nam a22001817a 4500
003 CEME
005 20210628201742.0
008 210204b xxu||||| |||| 00| 0 eng d
020 _a1-58053-945-9
040 _c.
082 _a681.2 NAW
100 _aNawrocki, Waldemar
_956660
245 _aMeasurement systems and sensors
260 _aBOSTON
_bARTECH HOUSE
_c2005
300 _aXI,325P
650 _aMEASURING INSTRUMENTS, DETECTORS, ELECTRONIC INSTRUMENTS- DIGITAL.WIRELESS MEASUREMENT SYSTEMS
_956661
942 _cBK
_2ddc
999 _c567033
_d567033